000 00694nam a2200265Ia 4500
005 20260302114109.0
008 008 260114s9999 xx 000 0 eng d
020 _a9781350368668
037 _aTextbook
040 _aCRL
040 _beng
040 _cCRL
041 _2eng
041 _aeng
084 _qCRL
100 _aJoy James
_91117748
245 0 _aContextualizing Angela Davis The Agency and Identity of an Icon
260 _bBloomsbury
260 _bBloomsbury Academic
260 _c2023
650 _aPhilosophy
856 _uhttps://doi.org/10.5040/9781350368668?locatt=label:secondary_bloomsburyCollections
942 _cEBOOK
999 _c1681327
_d1681327